=LDR 00000nam 2200000 4500 =001 INLIS000000000037072 =005 20130612142824 =008 ***********************************Ind** =035 ##$$0010-061300000037072 =041 ##$$a Ind =082 ##$$a 420.7 =090 ##$$a 420.7, Bam r =100 ##$$a Bamanti, Ikhsan =245 ##$$a Ringtone bahasa inggris, ringkasan teori dan evaluasi SMA/MA kelas, X,XI.XII, Ikhsan Bamanti, Rizki Dwi Oktaviarini =260 ##$$a 2011 $b jakarta =300 ##$$a iv, 223 hlm, ilus, 22 cm =650 ##$$a Bahasa Inggris-Studi dan pengajaram =850 ##$$a NBPNMAT =990 ##$$a 0001/BPAP-NTB/20142014 =990 ##$$a 0259/BPAP-NTB/2015 =990 ##$$a 0001/BPAP-NTB/20142014 =990 ##$$a 0259/BPAP-NTB/2015